| Поле | Инд. | ПП | Название | Значение |
|---|---|---|---|---|
| Тип записи | a | |||
| Библиографический уровень | m | |||
| 001 | Контрольный номер | 18730d1f-3c77-4bdd-906f-6ad957716ac9 | ||
| 005 | Дата корректировки | 20131111150808.5 | ||
| 008 | Кодируемые данные | 980508 d | ||
| 020 | a | ISBN | 5-86201-006-8.- ISBN 5-87495-015-Х | |
| c | Цена, тираж | 3 300-00 | ||
| 080 | a | Индекс УДК | 615.015.32 | |
| 084 | a | Индекс другой классификации/Индекс ББК | Р359.1 | |
| 090 | a | Полочн. индекс | Р359.1 | |
| x | Авторский знак | Г37 | ||
| c | Каталожный индекс | Р359.1 | ||
| 100 | 1_ | a | Автор | Гергардт Адольф фон |
| 245 | 00 | a | Заглавие | Гомеопатия |
| b | Продолж. заглавия | Практ. руководство : [Пер. с нем] | ||
| 260 | 0_ | a | Место издания | Москва |
| b | Издательство | Двойная звезда : Товарищество "Клышников, Комаров и К " | ||
| c | Дата издания | 1993 | ||
| 300 | a | Объем | 775,[2] с. | |
| 440 | a | Серия | Забытые искусства | |
| 504 | a | Библиография | Указ.: с.617-775 | |
| 650 | a | Основная рубрика | Гомеопатия | |
| 653 | a | Ключевые слова | Гомеопатия | |
| 852 | p | Инвентарный номер | 647788 | |
| 954 | a | Дата поступления на обработку | 24.03.94 | |
| a | Дата поступления на обработку | 24.03.94 | ||
| 999 | a | Подразделение 2 | ч.з. |